[Event "Politiken Cup"]
[Site "Copenhagen DEN"]
[Date "2004.07.27"]
[Round "5"]
[White "Tadjerbashi,A"]
[Black "Andreasen,P"]
[Result "1-0"]
[WhiteElo "2095"]
[BlackElo "2309"]

1.e4 g6 2.d4 Bg7 3.Nc3 d6 4.Nge2 Nc6 5.h3 e5 6.Be3 Nf6 7.g3 O-O 8.Bg2 exd4
9.Nxd4 Nxd4 10.Bxd4 Bd7 11.O-O Bc6 12.Re1 Re8 13.Qd2 Nd7 14.Bxg7 Kxg7 15.f4 Qf6
16.Rad1 Re7 17.b3 Rae8 18.Re2 Nc5 19.Rde1 a5 20.a3 b6 21.b4 axb4 22.axb4 Nd7
23.b5 Ba8 24.e5 dxe5 25.Bxa8 Rxa8 26.Nd5 Qd6 27.Nxe7 Qxe7 28.fxe5 Nc5 29.Kh2 Ne6
30.Rf1 Rd8 31.Qc3 Rd7 32.Rd2 Qc5 33.Qxc5 Rxd2+ 34.Qf2 Rxf2+ 35.Rxf2 Nd4 36.c4 Kf8
37.Kg2 Ke7 38.Rd2 Nb3 39.Re2 Ke6 40.g4 h6 41.h4 Nc5 42.Kf3 g5 43.h5 Nd3 44.Ke4 Nxe5
45.Kd4 f6 46.c5 Kd7 47.cxb6 cxb6 48.Kd5 Nd3 49.Ke4 Nf4 50.Rd2+ Ke6 51.Rc2  1-0

[Event "7th Open"]
[Site "Korinthos GRE"]
[Date "2004.07.27"]
[Round "7"]
[White "Aroshidze,L"]
[Black "Margaritis,F"]
[Result "1-0"]
[WhiteElo "2401"]
[BlackElo "2119"]

1.e4 g6 2.d4 Bg7 3.Nc3 d6 4.Bg5 a6 5.Nf3 Nd7 6.a4 h6 7.Be3 b6 8.Bd3 Bb7 9.Qd2 Ngf6
10.h3 d5 11.exd5 Nxd5 12.Nxd5 Bxd5 13.Be2 e5 14.dxe5 Nxe5 15.Nxe5 Bxe5 16.O-O Bb7
17.Qxd8+ Rxd8 18.a5 b5 19.c3 f5 20.Rad1 Rxd1 21.Rxd1 Ke7 22.c4 b4 23.b3 g5
24.Bc5+ Bd6 25.Bd4 Rg8 26.c5 Bf4 27.g3 Be4 28.Bc4 Rg6 29.Kf1 g4 30.h4  1-0

[Event "MTO"]
[Site "Biel SUI"]
[Date "2004.07.29"]
[Round "10"]
[White "Ulibin,M"]
[Black "Paehtz,T sr"]
[Result "0-1"]
[WhiteElo "2586"]
[BlackElo "2427"]

1.e4 g6 2.d4 Bg7 3.Nc3 d6 4.Bg5 a6 5.a4 Nc6 6.d5 Nb4 7.a5 c5 8.Na4 Qxa5 9.c3 b5
10.cxb4 Qxb4+ 11.Nc3 Qxb2 12.Nxb5 Bd7 13.Rb1 Qa2 14.Nc7+ Kd8 15.Bd3 Bc3+
16.Kf1 Kxc7 17.Ne2 Bb4 18.Ra1 Qb2 19.Rb1 Qg7 20.Qc2 a5 21.Bc1 Nf6 22.Bb2 Qh6
23.e5 Ng4 24.exd6+ exd6 25.Bxh8 Rxh8 26.Qc4 Ne5 27.Qa6 Nxd3 28.Qa7+ Kd8 29.Qb8+ Ke7
30.Qxh8 Qh4 31.Ng3 Qf4 32.f3 Bh3  0-1

[Event "Politiken Cup"]
[Site "Copenhagen DEN"]
[Date "2004.07.29"]
[Round "7"]
[White "Bromann,T"]
[Black "Engelbert,C"]
[Result "1-0"]
[WhiteElo "2348"]
[BlackElo "2213"]

1.d4 g6 2.e4 Bg7 3.Nc3 d6 4.Be3 Nf6 5.f3 c6 6.Qd2 b5 7.h4 h5 8.Nh3 Bxh3 9.Rxh3 Nbd7
10.Nd1 a6 11.Nf2 e5 12.Rd1 Qc7 13.Be2 O-O-O 14.c4 exd4 15.Bxd4 c5 16.Be3 b4
17.Qxd6 Qxd6 18.Rxd6 Kc7 19.Bf4 Kb7 20.Bg5 Kc7 21.e5 Rhe8 22.f4 Ra8 23.Rhd3 Bf8
24.Rxf6 Nxf6 25.Bxf6 Be7 26.Bxe7 Rxe7 27.Ne4  1-0

[Event "Open Dutch Champ"]
[Site "Dieren NED"]
[Date "2004.07.29"]
[Round "3"]
[White "Zimmerman,L"]
[Black "Hoeksema,E"]
[Result "0-1"]
[WhiteElo "2114"]
[BlackElo "2405"]

1.e4 g6 2.d4 Bg7 3.Nc3 d6 4.Be3 a6 5.a4 b6 6.Qd2 Bb7 7.Bd3 Nc6 8.Nce2 Nf6
9.Bh6 Bxh6 10.Qxh6 Nb4 11.d5 e6 12.dxe6 fxe6 13.Qd2 c5 14.Ng3 d5 15.exd5 Qxd5
16.Nf3 Rd8 17.Rd1 Nxd3+ 18.cxd3 O-O 19.O-O Qb3 20.Qe2 Bxf3 21.Qxf3 Qxa4 22.Qe2 Qc6
23.Rfe1 Rd6 24.h4 Nd5 25.Ne4 Nf4 26.Qe3 Rd7 27.g3 Nd5 28.Qh6 Nf6 29.Nxf6+ Rxf6
30.Qe3 Rd5 31.d4 c4 32.Qc3 b5 33.Re5 Qd6 34.Rxd5 Qxd5 35.Re1 Rf3 36.Qc2 Qxd4
37.Rxe6 Rxg3+ 38.Kh2  0-1

[Event "7th Open"]
[Site "Korinthos GRE"]
[Date "2004.07.29"]
[Round "9"]
[White "Shavtvaladze,N"]
[Black "Margaritis,F"]
[Result "1-0"]
[WhiteElo "2439"]
[BlackElo "2119"]

1.e4 g6 2.d4 Bg7 3.Nc3 d6 4.h3 a6 5.Nf3 Nd7 6.a4 b6 7.Bc4 e6 8.O-O Ne7 9.Be3 h6
10.Qd2 Bb7 11.Rfe1 Nf6 12.Bd3 d5 13.Bf4 dxe4 14.Nxe4 Nf5 15.a5 Nxe4 16.Bxe4 Bxe4
17.Rxe4 Qd5 18.Qe2 bxa5 19.c4 Qb7 20.d5 O-O 21.dxe6 fxe6 22.Rxe6 Nd4 23.Nxd4 Rxf4
24.Rxg6 Re4 25.Qf3 Qxb2 26.Qxe4 Qxa1+ 27.Kh2 Rf8 28.Nf5 Rxf5 29.Qxf5 a4 30.Rxa6 Be5+
31.f4 Bd4  1-0

[Event "Skanska Open"]
[Site "Pardubice CZE"]
[Date "2004.07.29"]
[Round "7"]
[White "Pavasovic,D"]
[Black "Vokac,M"]
[Result "1-0"]
[WhiteElo "2592"]
[BlackElo "2483"]

1.e4 g6 2.d4 Bg7 3.Nc3 d6 4.Be3 a6 5.f4 Nd7 6.Nf3 b5 7.Bd3 Bb7 8.e5 e6 9.a4 b4
10.Ne4 Qb8 11.O-O Ne7 12.a5 O-O 13.Qe1 Nf5 14.Bf2 c5 15.c3 Bc6 16.g4 dxe5
17.dxe5 Ne7 18.c4 Ra7 19.Bh4 Bxe4 20.Bxe4 Re8 21.Qe3 Qc7 22.Rfd1 Nc6 23.Bxc6 Qxc6
24.Rd6 Qc8 25.Rad1 h6 26.Qd3 Nf8 27.Bf6 Ra8 28.Bxg7 Kxg7 29.Nd2 Qc7 30.Nb3 Re7
31.Rd2 Ra7 32.Qe3 Nd7 33.h4 Qc8 34.h5 Rc7 35.Rh2 Qg8 36.Rxa6 gxh5 37.gxh5 Qh7
38.Rg2+ Kf8 39.f5 Re8 40.f6 Rd8 41.Rd6 Ke8 42.Kh2 Nf8 43.Qf3 Rdc8 44.Rgd2 Qf5
45.Qxf5 exf5 46.Rf2 Rd7 47.Rxf5 Rxd6 48.exd6 Ne6 49.Rd5 Rc6 50.d7+ Kd8 51.Kg3 Nc7
52.Rxc5 Rxf6 53.Nd4 Rd6 54.Rxc7 Rxd4 55.Rb7 Rd6 56.Rxb4 Rd3+ 57.Kf4 Kxd7
58.a6  1-0

[Event "Liepajas Rokade"]
[Site "Liepaya LAT"]
[Date "2004.07.30"]
[Round "1"]
[White "Neiksans,A"]
[Black "Luckans,A"]
[Result "0-1"]
[WhiteElo "2440"]
[BlackElo "2455"]

1.e4 g6 2.d4 Bg7 3.Nc3 d6 4.Nf3 Nf6 5.Be2 O-O 6.O-O Bg4 7.h3 Bxf3 8.Bxf3 Nc6
9.d5 Ne5 10.Be2 c6 11.Be3 Qa5 12.Qd2 Rfc8 13.f4 Ned7 14.dxc6 bxc6 15.Bf3 Rab8
16.Rab1 Rb7 17.b3 Qb4 18.Ne2 Qxd2 19.Bxd2 Nc5 20.Nc3 Nfd7 21.Rbe1 Ne6 22.Bd1 Ndc5
23.g4 a5 24.a3 Nd4 25.g5 a4 26.b4 Nd7 27.Ne2 c5 28.c3 Nxe2+ 29.Rxe2 Nb6 30.Bc1 Rbc7
31.Kg2 cxb4 32.cxb4 Bd4 33.Be3 Bxe3 34.Rxe3 Rc1 35.Bg4 Rxf1 36.Kxf1 Rc1+
37.Kf2 Rb1 38.h4 Rb3 39.Rf3 Nc4 40.Bd7 Rb2+  0-1

[Event "Liepajas Rokade"]
[Site "Liepaya LAT"]
[Date "2004.07.30"]
[Round "2"]
[White "Stefansson,H"]
[Black "Luckans,A"]
[Result "1/2-1/2"]
[WhiteElo "2549"]
[BlackElo "2455"]

1.e4 g6 2.d4 Bg7 3.Nc3 d6 4.Be3 c6 5.Qd2 b5 6.Bd3 Nf6 7.Nf3 Bg4 8.Ng1 Bc8
9.h3 Nbd7 10.Nf3 e5 11.dxe5 dxe5 12.a4 b4 13.Ne2 a5 14.c3 c5 15.cxb4 cxb4
16.O-O O-O 17.Rac1 Ba6 18.Rfd1 Qb8 19.Ng3 Qb7 20.Bxa6 Rxa6 21.Qd3 Rc6 22.Nd2 Rfc8
23.Nc4 Qa8 24.Nd6 Rxc1 25.Bxc1 Rc6 26.Ne2 Bf8 27.Nc4 Bc5 28.b3  1/2-1/2

[Event "Open"]
[Site "Charleroi BEL"]
[Date "2004.07.31"]
[Round "2"]
[White "Laurent,M"]
[Black "Petrov,Marij"]
[Result "0-1"]
[WhiteElo "2017"]
[BlackElo "2441"]

1.d4 g6 2.e4 Bg7 3.Nc3 d6 4.Nf3 a6 5.Be3 b5 6.Bd3 Bb7 7.Qd2 Nf6 8.Bh6 O-O
9.h4 e5 10.h5 Bxh6 11.Qxh6 Ng4 12.Qd2 exd4 13.Nxd4 Qf6 14.Nf3 b4 15.Na4 Bc6
16.hxg6 hxg6 17.Qxb4 a5 18.Qb3 Nd7 19.Nc3 Rab8 20.Qa3 Rfe8 21.Qxa5 Rxb2 22.Nd5 Bxd5
23.Qxd5 Nde5 24.Ke2 Nxd3 25.Qxd3 d5 26.e5 Nxe5 27.Nxe5 Qxe5+ 28.Kd2 Qf4+
29.Kc3 Qb4+  0-1

[Event "Politiken Cup"]
[Site "Copenhagen DEN"]
[Date "2004.07.31"]
[Round "9"]
[White "Auchenberg,P"]
[Black "Engelbert,C"]
[Result "0-1"]
[WhiteElo "2082"]
[BlackElo "2213"]

1.e4 g6 2.d4 Bg7 3.Nc3 d6 4.Be3 a6 5.Qd2 b5 6.f3 Nd7 7.a4 b4 8.Nd1 a5 9.Bb5 Bb7
10.d5 Qc8 11.Ne2 c6 12.dxc6 Bxc6 13.Nd4 Bxb5 14.Nxb5 Ngf6 15.O-O O-O 16.Rc1 Qb7
17.Bd4 Rfc8 18.b3 Ra6 19.Nb2 Nc5 20.Rfe1 Ne6 21.e5 Nd7 22.f4 Nxd4 23.Qxd4 dxe5
24.fxe5 Bh6 25.Rcd1 Rxc2 26.Qe4 Qxe4 27.Rxe4 Nc5 28.Rd8+ Kg7 29.Nc7 Rc1+
30.Nd1 Bg5 31.Rg4 Rc6 32.Ne8+ Kh6 33.Rg3 Bf4 34.Rh3+ Kg5 35.Rxh7 Ne6 36.Rd3 R6c3
37.Rhh3 Rxd3 38.Rxd3 Nc5 39.Rd8 Nxb3 40.g3 Bd2  0-1

[Event "Open Dutch Champ"]
[Site "Dieren NED"]
[Date "2004.07.31"]
[Round "5"]
[White "Struik,T"]
[Black "Nagel,Y"]
[Result "1/2-1/2"]
[WhiteElo "2164"]
[BlackElo "2045"]

1.e4 g6 2.d4 d6 3.Nc3 Bg7 4.Be3 Nf6 5.h3 O-O 6.Nge2 e5 7.g4 Nbd7 8.Bg2 Re8
9.O-O c6 10.a4 Qe7 11.Qd2 Nf8 12.f4 exf4 13.Nxf4 Ne6 14.Rae1 Nd7 15.Re2 b6
16.b4 Nc7 17.b5 Bb7 18.e5 Nb8 19.bxc6 Bxc6 20.Nfd5 Nxd5 21.Nxd5 Qb7 22.Nf6+ Bxf6
23.exf6 Bxg2 24.Rxg2 Nd7 25.d5 Kh8 26.Bh6 Re5 27.Bg7+ Kg8 28.Qh6 Qc8 29.c4 Qe8
30.Rf4 Rc8 31.Rgf2 Re1+ 32.Kg2 Ne5 33.g5 Rxc4 34.Bh8  1/2-1/2

[Event "Liepajas Rokade"]
[Site "Liepaya LAT"]
[Date "2004.07.31"]
[Round "4"]
[White "Kulaots,K"]
[Black "Luckans,A"]
[Result "1/2-1/2"]
[WhiteElo "2593"]
[BlackElo "2455"]

1.e4 g6 2.d4 Bg7 3.Nc3 d6 4.Nf3 c6 5.Be3 b5 6.Qd2 Nd7 7.h3 a6 8.a4 Bb7 9.Bd3 e5
10.dxe5 dxe5 11.Ne2 Ngf6 12.Ng3 Qe7 13.Nh4 Ng8 14.axb5 cxb5 15.Nhf5 gxf5
16.Nxf5 Qf6 17.O-O Bf8 18.f4 O-O-O  1/2-1/2

[Event "Liepajas Rokade"]
[Site "Liepaya LAT"]
[Date "2004.07.31"]
[Round "6"]
[White "Fridman,D2"]
[Black "Luckans,A"]
[Result "1-0"]
[WhiteElo "2590"]
[BlackElo "2455"]

1.d4 g6 2.e4 Bg7 3.Nc3 d6 4.h3 c6 5.g4 Qb6 6.Nge2 Nd7 7.a4 e5 8.a5 Qc7 9.Bg2 exd4
10.Nxd4 Ne5 11.b3 Ne7 12.f4 Nd7 13.Be3 a6 14.O-O O-O 15.Qd2 c5 16.Nde2 Nc6
17.Rfd1 Nb4 18.Rac1 Qxa5 19.Qxd6 Re8 20.e5 g5 21.fxg5 Bxe5 22.Qd2 Nc6 23.Bf4 Nd4
24.Bxe5 Nxe2+ 25.Nxe2 Qxd2 26.Rxd2 Nxe5 27.Nc3 Be6 28.Ne4 Rec8 29.Nf6+ Kg7  1-0

[Event "Politiken Cup"]
[Site "Copenhagen DEN"]
[Date "2004.08.01"]
[Round "10"]
[White "Bjornsson,S"]
[Black "Jakobsen,O"]
[Result "1-0"]
[WhiteElo "2315"]
[BlackElo "2379"]

1.e4 d6 2.d4 g6 3.Nc3 Bg7 4.Be3 a6 5.h4 h6 6.Be2 Nd7 7.f4 e5 8.g3 Ngf6 9.h5 Qe7
10.hxg6 fxg6 11.Qd3 c6 12.O-O-O b5 13.fxe5 dxe5 14.d5 Bb7 15.dxc6 Bxc6 16.Nd5 Bxd5
17.exd5 e4 18.Qb3 g5 19.Nh3 O-O 20.Bd4 Qd6 21.Nf2 Rac8 22.Ng4 Nxg4 23.Bxg4 Bxd4
24.Rxd4 Nc5 25.Qe3 Rc7 26.Kb1 a5 27.a3 Kg7 28.Rd2 Rf6 29.Qd4 Rf7 30.Rf2 Kf8
31.Rxf6 Rxf6 32.Be2 b4 33.axb4 axb4 34.Qxb4 Qxd5 35.Rd1 Qe5 36.Bc4 Rd6 37.Rf1+ Kg7
38.g4 e3 39.Rf5 Qd4 40.Qxc5 Qxc5 41.Rxc5 Rd4 42.b4 Rxg4 43.b5 Re4 44.b6 e2
45.Rc7+ Kf8 46.Bxe2 Rb4+ 47.Kc1 Rxb6 48.c4 Re6 49.Kd2 Re4 50.Rh7 Rh4 51.c5 Kg8
52.Rd7  1-0

[Event "Politiken Cup"]
[Site "Copenhagen DEN"]
[Date "2004.08.01"]
[Round "10"]
[White "Jaeger,F"]
[Black "Bogdanov,D"]
[Result "1-0"]
[WhiteElo "2035"]
[BlackElo "2129"]

1.e4 g6 2.d4 Bg7 3.Nc3 d6 4.Be3 c6 5.Nf3 b5 6.Bd3 a6 7.Qd2 Nd7 8.a4 Bb7 9.O-O Qc7
10.h3 Ngf6 11.Bh6 O-O 12.Bxg7 Kxg7 13.Qe3 b4 14.Ne2 c5 15.c3 c4 16.Bb1 bxc3
17.bxc3 e5 18.Ng3 h6 19.Nh4 Ng8 20.f4 Kh7 21.fxe5 dxe5 22.Ra2 f6 23.Raf2 Rad8
24.Bc2 Rf7 25.Bd1 Nf8 26.Nf3 exd4 27.Nxd4 Qe5 28.Bc2 Ne6 29.Ngf5 Nc5 30.Nf3 Qc7
31.N5d4 Qe7 32.e5 Bxf3 33.Rxf3 Nd3 34.Bxd3 cxd3 35.Nc6  1-0

[Event "Open"]
[Site "Davos SUI"]
[Date "2004.08.01"]
[Round "2"]
[White "Hugentobler,P"]
[Black "Cherniaev,A1"]
[Result "0-1"]
[WhiteElo "2237"]
[BlackElo "2500"]

1.e4 d6 2.d4 g6 3.Nc3 Bg7 4.Bg5 a6 5.Qd2 b5 6.a4 b4 7.Nd1 Nf6 8.Bd3 h6 9.Be3 a5
10.f3 Nbd7 11.Ne2 e5 12.c3 c5 13.O-O Qe7 14.Nf2 Bb7 15.Bb5 exd4 16.cxd4 Rc8
17.dxc5 dxc5 18.Rfd1 Bc6 19.Bf4 Bxb5 20.Bd6 Qe6 21.axb5 Bf8 22.e5 Bxd6 23.Nf4 Qxe5
24.Re1 O-O 25.Rxe5 Bxe5 26.Rxa5 c4 27.Nd5 c3 28.bxc3 bxc3 29.Ne7+ Kg7 30.Qc2 Ra8
31.Rxa8 Rxa8 32.Nd3 Bd4+ 33.Kf1 Nb6 34.Nc6 Nc4 35.Ke2 Re8+ 36.Nde5 Bxe5 37.Nxe5 Rxe5+
38.Kd3 Nd5 39.Kd4 Re7 40.Qb3 Ncb6 41.h4 Rc7 42.Qc2 Rc4+ 43.Ke5 Nb4  0-1

[Event "Open"]
[Site "Kavala GRE"]
[Date "2004.08.01"]
[Round "2"]
[White "Shavtvaladze,N"]
[Black "Abatzidis,S"]
[Result "1-0"]
[WhiteElo "2439"]
[BlackElo "2061"]

1.e4 g6 2.d4 Bg7 3.Nc3 d6 4.h3 Nf6 5.Nf3 O-O 6.Be3 Nbd7 7.Qd2 c5 8.d5 Re8
9.Be2 a6 10.a4 b6 11.O-O Qc7 12.Bh6 Bh8 13.Rfe1 Bb7 14.Bc4 Rad8 15.Rad1 Nh5
16.Nh2 Nf8 17.Ng4 Nf6 18.Nxf6+ Bxf6 19.f4 Nd7 20.Kh1 Bh8 21.Re2 Bd4 22.Qe1 Bh8
23.Bg5 Bg7 24.e5 dxe5 25.Bxe7 Ra8 26.d6 Qc8 27.fxe5 Nxe5 28.Bd5 Nd7 29.Qf2 Ne5
30.Rxe5 Bxe5 31.Qxf7+  1-0

[Event "12th GM"]
[Site "Lippstadt GER"]
[Date "2004.08.01"]
[Round "9"]
[White "Brenke,A"]
[Black "Koneru,H"]
[Result "0-1"]
[WhiteElo "2379"]
[BlackElo "2511"]

1.d4 g6 2.e4 Bg7 3.Nc3 d6 4.Be3 a6 5.Qd2 b5 6.Bd3 Bb7 7.f3 Nd7 8.Nce2 Nb6
9.b3 c5 10.c3 Qc7 11.Nh3 e6 12.Nf2 h6 13.O-O Ne7 14.Rac1 c4 15.Bc2 a5 16.Rb1 Bc6
17.Rfe1 Kf8 18.g4 h5 19.h3 Bd7 20.Kg2 Kg8 21.Bg5 f6 22.Be3 hxg4 23.hxg4 cxb3
24.axb3 a4 25.Rh1 Rxh1 26.Kxh1 Kf7 27.Kg2 g5 28.e5 axb3 29.Bxb3 Ng6 30.exf6 Nh4+
31.Kf1 Bxf6 32.Qd3 Rh8 33.Ne4 d5 34.Nxg5+ Kg7 35.Bf4 Qd8 36.Nh3 Ng6 37.Kg2 Nc4
38.Ng3 Rxh3 39.Bc1 Rh8 40.Nh5+ Kf7 41.Ra1 Qb8 42.Bc2 Nh4+ 43.Kh3 Rxh5  0-1

[Event "9th Open"]
[Site "Creon FRA"]
[Date "2004.08.03"]
[Round "2"]
[White "Gesing,O"]
[Black "Nevednichy,V"]
[Result "0-1"]
[WhiteElo "2208"]
[BlackElo "2538"]

1.e4 g6 2.d4 Bg7 3.Nc3 d6 4.Be3 a6 5.Qd2 b5 6.O-O-O Bb7 7.f3 Nd7 8.Nh3 b4
9.Ne2 a5 10.Nef4 e6 11.Be2 h6 12.Nf2 Ne7 13.h4 Nb6 14.h5 g5 15.N4h3 d5 16.Bd3 Nc4
17.Bxc4 dxc4 18.f4 g4 19.Nxg4 Bxe4 20.Ne5 Qd5 21.c3 f6 22.Nf3 Bh7 23.Rde1 a4
24.cxb4 a3 25.Qc3 axb2+ 26.Kxb2 Qb5 27.Bc1 Nd5 28.Rxe6+ Kd7 29.Qe1 Rxa2+  0-1

[Event "9th Open"]
[Site "Creon FRA"]
[Date "2004.08.03"]
[Round "2"]
[White "Sanchez,N"]
[Black "Mihajlovskij,S"]
[Result "0-1"]
[WhiteElo "2146"]
[BlackElo "2380"]

1.d4 g6 2.e4 Bg7 3.Nc3 d6 4.Nf3 Nf6 5.Be3 O-O 6.h3 a6 7.a4 Nc6 8.Qd2 e5 9.Be2 exd4
10.Nxd4 Re8 11.Nxc6 bxc6 12.Bf3 Rb8 13.Rb1 c5 14.O-O Rb4 15.Rfd1 Bd7 16.b3 Re6
17.Be2 Qc8 18.f3 Re8 19.Bf1 Be6 20.e5 dxe5 21.Bxc5 Rb8 22.Qe2 Ra8 23.Ne4 Nd5
24.c4 Nf4 25.Qe1 Bf5 26.Rb2 Ne6 27.Bf2 Bxe4 28.fxe4 Bf8 29.Be2 h5 30.Rd5 c6
31.Rd1 Bc5 32.b4 Bxf2+ 33.Qxf2 c5 34.b5 axb5 35.axb5 Nd4 36.Rf1 Qb7 37.Rd2 Ra3
38.Rd3 Ra2 39.Re3 Qe7 40.g4 hxg4 41.hxg4 Kg7 42.Rb1 Qg5 43.b6 Nxe2+ 44.Rxe2 Qxg4+  0-1

[Event "9th Open"]
[Site "Creon FRA"]
[Date "2004.08.04"]
[Round "4"]
[White "Govciyan,P"]
[Black "Mihajlovskij,S"]
[Result "0-1"]
[WhiteElo "2245"]
[BlackElo "2380"]

1.d4 d6 2.e4 g6 3.Nc3 Bg7 4.Be3 c6 5.h3 Nf6 6.f4 Qb6 7.Qc1 Qa5 8.Bd3 e5 9.Nf3 exd4
10.Nxd4 Nbd7 11.O-O O-O 12.Qd2 Re8 13.Nf3 b5 14.a3 Qc7 15.Qf2 a6 16.Rae1 Bb7
17.e5 dxe5 18.fxe5 Nd5 19.Nxd5 cxd5 20.e6 Rxe6 21.Ng5 Rf6 22.Qh4 Nf8 23.b4 Re8
24.Rxf6 Bxf6 25.Rf1 Qe7 26.Rxf6 Qxe3+ 27.Rf2 f5 28.Nf3 Ne6 29.Kh1 Nf4 30.Ng5 Nh5
31.Bxf5 Qg3 32.Be6+ Kh8 33.Qd4+ Ng7 34.Nf7+ Kg8 35.Ng5+ Nxe6 36.Nxe6 Rxe6
37.Qd2 Qe3  0-1

[Event "Open"]
[Site "Charleroi BEL"]
[Date "2004.08.05"]
[Round "7"]
[White "Van Uytven,E"]
[Black "Dinev,Di"]
[Result "1-0"]
[WhiteElo "2171"]
[BlackElo "1891"]

1.d4 g6 2.e4 Bg7 3.Nc3 d6 4.Be3 a6 5.Qd2 b5 6.a4 b4 7.Nd1 a5 8.c3 bxc3 9.bxc3 Nd7
10.Bd3 c5 11.Ne2 Qc7 12.O-O c4 13.Bc2 Bb7 14.f3 e5 15.Nf2 Rd8 16.Rab1 Bc8
17.f4 f6 18.Ng3 Nf8 19.Qe2 Nd7 20.Nh3 Bh6 21.Kh1 exd4 22.Bxd4 Ne7 23.Nf5 Bf8
24.Ne3 Ba6 25.Nd5 Nxd5 26.exd5+ Be7 27.Rfe1 Nc5 28.Bxf6  1-0

[Event "Open"]
[Site "Davos SUI"]
[Date "2004.08.06"]
[Round "7"]
[White "Littlewood,P"]
[Black "Tiller,B"]
[Result "1-0"]
[WhiteElo "2396"]
[BlackElo "2390"]

1.d4 g6 2.e4 Bg7 3.Nc3 d6 4.Be3 a6 5.Qd2 b5 6.Nf3 Bb7 7.Bd3 Nd7 8.a4 b4 9.Ne2 c5
10.c3 bxc3 11.bxc3 Qc7 12.O-O Ngf6 13.Bh6 Nxe4 14.Bxe4 Bxh6 15.Qxh6 Bxe4
16.Ng5 Bd5 17.Nf4 Bc4 18.Rfe1 e5 19.dxe5 Nxe5 20.Nxg6 fxg6 21.f4 O-O-O 22.fxe5 dxe5
23.Qh4 Bd5 24.c4 Bb7 25.Qh3+ Rd7 26.Rad1 Re8 27.Nf7  1-0

[Event "XI Summer Open"]
[Site "Nice FRA"]
[Date "2004.08.06"]
[Round "6"]
[White "Bujisho,B"]
[Black "Fassio,L"]
[Result "1-0"]
[WhiteElo "2394"]
[BlackElo "2069"]

1.e4 g6 2.d4 Bg7 3.Nc3 d6 4.Be3 c6 5.Qd2 b5 6.Bd3 Nd7 7.Nf3 Bb7 8.h3 a6 9.Ne2 c5
10.c3 Ngf6 11.Ng3 O-O 12.O-O Rc8 13.Rfe1 e5 14.d5 c4 15.Bc2 Nc5 16.Nh2 h5
17.Bg5 Qe8 18.Nf3 Nh7 19.Be3 Qe7 20.h4 Nf6 21.Bg5 Rc7 22.Rad1 Ncd7 23.Nh2 Qe8
24.Bh6 Nh7 25.Bxg7 Kxg7 26.Rf1 Qe7 27.Nf3 Bc8 28.Rde1 f6 29.Nh2 Rf7 30.Bd1 Qf8
31.Re3 Kh8 32.Ne2 Nc5 33.f4 Qh6 34.Bc2 Rce7 35.g3 Nf8 36.b4 cxb3 37.axb3 Nfd7
38.b4 Nb7 39.Qe1 Nb6 40.Ref3 Nc4 41.fxe5 Nd2 42.exf6 Nxf3+ 43.Rxf3 Re8 44.Rf4 g5
45.hxg5 Qxg5 46.Qf2 Ref8 47.Nf3 Qh6 48.e5 dxe5 49.Nxe5 Rxf6 50.Ng6+ Kg7 51.Nxf8 Rxf4
52.Nxf4 Kxf8 53.Ng6+  1-0

[Event "Open"]
[Site "Charleroi BEL"]
[Date "2004.08.07"]
[Round "9"]
[White "Vandevoort,P"]
[Black "Foisor,O"]
[Result "1-0"]
[WhiteElo "2378"]
[BlackElo "2399"]

1.d4 g6 2.e4 Bg7 3.Nc3 d6 4.Be3 a6 5.Qd2 Nd7 6.h4 h6 7.h5 g5 8.g3 b5 9.f4 gxf4
10.gxf4 Bb7 11.Qg2 Kf8 12.Nf3 Ngf6 13.e5 Ne8 14.O-O-O b4 15.Nb1 Qc8 16.Qg3 Bd5
17.c4 bxc3 18.Nxc3 Nb6 19.Nxd5 Nxd5 20.Bh3 e6 21.Nh4 c5 22.dxc5 Nxe3 23.Qxe3 dxe5
24.fxe5 Qc7 25.Ng6+ Kg8 26.Nxh8 Bxe5 27.Rhg1+ Ng7 28.Kb1  1-0

[Event "Open"]
[Site "Kavala GRE"]
[Date "2004.08.07"]
[Round "9"]
[White "Webb,L"]
[Black "Parligras,M"]
[Result "0-1"]
[WhiteElo "2339"]
[BlackElo "2564"]

1.e4 g6 2.d4 Bg7 3.Nc3 d6 4.Nf3 a6 5.Bd3 Nd7 6.O-O b5 7.a4 b4 8.Ne2 c5 9.c3 a5
10.Be3 cxd4 11.cxd4 Ngf6 12.h3 O-O 13.Rc1 Bb7 14.Ng3 Nb6 15.b3 Rc8 16.Qd2 d5
17.e5 Ne4 18.Bxe4 dxe4 19.Ng5 Qd5 20.N5xe4 f5 21.exf6 exf6 22.Rc5 Qxb3 23.Nd6 Rxc5
24.dxc5 Nc4 25.Nxc4 Qxc4 26.Rd1 Bc6 27.Qd6 Bxa4 28.Rc1 Bc2 29.Rxc2 Qxc2 30.Qe6+ Kh8
31.Ne4 b3 32.Nd2 b2 33.Qb6 a4 34.Qb4 a3 35.Qxa3 Qxd2  0-1

[Event "IV Mario Covas"]
[Site "Santos BRA"]
[Date "2004.08.07"]
[Round "8"]
[White "Leitao,R"]
[Black "Rodriguez,And URU"]
[Result "1-0"]
[WhiteElo "2573"]
[BlackElo "2567"]

1.d4 g6 2.e4 d6 3.Nc3 Bg7 4.Nf3 Nf6 5.Be3 Ng4 6.Bg5 h6 7.Bh4 c6 8.Qd2 b5
9.Bd3 a6 10.h3 Nf6 11.e5 Nh5 12.g4 g5 13.gxh5 gxh4 14.Rg1 Kf8 15.Qf4 dxe5
16.dxe5 Qc7 17.O-O-O Nd7 18.Bf5 Nc5 19.Rxg7 Kxg7 20.Rg1+ Kf8 21.Qg4 Bxf5
22.Qg7+ Ke8 23.Qxh8+ Kd7 24.Qxa8  1-0

[Event "15th ch-NATO"]
[Site "The Hague NED"]
[Date "2004.08.09"]
[Round "2"]
[White "Lillevold,F"]
[Black "Nill,O"]
[Result "1/2-1/2"]
[WhiteElo "2097"]
[BlackElo "2212"]

1.d4 g6 2.e4 Bg7 3.Nc3 d6 4.Nf3 Nf6 5.Be3 O-O 6.Qd2 c6 7.Bh6 b5 8.Bd3 Nbd7
9.Bxg7 Kxg7 10.a4 b4 11.Nd1 a5 12.Qe2 e5 13.dxe5 dxe5 14.O-O Qe7 15.Ne3 Re8
16.Nd2 Nc5 17.f3 Rd8 18.Bc4 Be6 19.Nb3 Nfd7 20.Nxc5 Nxc5 21.b3 Rd4 22.Rfd1 Rad8
23.Rxd4 Rxd4 24.Rd1 Qd6 25.Rxd4 Qxd4 26.Kf2 f5 27.Bxe6 Nxe6 28.exf5 gxf5
29.Qc4 Qd2+ 30.Qe2 Qd4 31.Qc4  1/2-1/2

[Event "15th ch-NATO"]
[Site "The Hague NED"]
[Date "2004.08.11"]
[Round "4"]
[White "Gooris,J"]
[Black "Nill,O"]
[Result "1/2-1/2"]
[WhiteElo "2113"]
[BlackElo "2212"]

1.e4 g6 2.d4 Bg7 3.Nc3 d6 4.Be3 a6 5.a4 b6 6.f4 c5 7.Nf3 cxd4 8.Nxd4 Nf6
9.Be2 O-O 10.Bf3 e5 11.Nde2 Nc6 12.O-O Rb8 13.Ng3 Re8 14.f5 Bb7 15.Qd2 Nd4
16.Rad1 Rc8 17.Bg5 Qd7 18.fxg6 hxg6 19.Bxf6 Bxf6 20.Bg4 Qxg4 21.Rxf6 b5 22.Rdf1 Re7
23.axb5 axb5 24.Rxd6 b4 25.Nd5 Bxd5 26.Rxd5 Rxc2 27.Qh6 Re8 28.Rc1 Ne2+ 29.Nxe2 Rxe2
30.Qh3 Qxe4 31.Rdd1 Rxb2 32.Re1 Re2 33.Rxe2 Qxe2 34.Qb3 Rd8 35.Rf1 Rd7 36.Qxb4 Rd2
37.Qb7 f5 38.Qa8+ Kg7 39.Qb7+ Kf6 40.Qc6+ Kg5 41.Qb7 Qe3+ 42.Kh1 Qc5 43.Qh7 Rd4
44.Qf7 Qd6 45.h3 Qd7 46.Qf8 Rd1 47.Rxd1 Qxd1+ 48.Kh2 Qe1 49.Qe7+ Kf4 50.Qa3 e4
51.g3+ Ke5 52.Qc5+  1/2-1/2

[Event "HZ Open"]
[Site "Vlissingen NED"]
[Date "2004.08.14"]
[Round "9"]
[White "Jonkman,H"]
[Black "Bosboom Lanchava,T"]
[Result "1/2-1/2"]
[WhiteElo "2425"]
[BlackElo "2370"]

1.e4 d6 2.d4 g6 3.Nc3 Bg7 4.Be3 c6 5.Nf3 b5 6.a4 b4 7.Ne2 Nf6 8.Ng3 a5 9.h3 Qc7
10.Bc4 d5 11.Bd3 dxe4 12.Nxe4 Nd5 13.O-O Nd7 14.Bd2 O-O 15.Re1 c5 16.c3 Ba6
17.Bxa6 Rxa6 18.Rc1 bxc3 19.Nxc3 Nxc3 20.Bxc3 e6 21.dxc5 Bxc3 22.Rxc3 Rc6
23.Qd4 Rb8 24.Rd1 Rb7 25.h4 Rxc5 26.h5 Rxc3 27.h6 e5 28.Qxc3 Qxc3 29.bxc3 f6
30.Rd5 Ra7 31.Rb5  1/2-1/2

[Event "Open A"]
[Site "Riga LAT"]
[Date "2004.08.16"]
[Round "3"]
[White "Ozolins,A"]
[Black "Luckans,A"]
[Result "1/2-1/2"]
[WhiteElo "2288"]
[BlackElo "2455"]

1.e4 g6 2.d4 Bg7 3.Nc3 d6 4.Bg5 c6 5.Qd2 Qa5 6.a3 Nd7 7.Nf3 Rb8 8.Be2 Qc7
9.O-O a6 10.h3 e5 11.Rad1 Ngf6 12.Bh6 O-O 13.Bxg7 Kxg7 14.dxe5 dxe5 15.Qd6 Qxd6
16.Rxd6 Re8 17.b4 Re7 18.Rfd1 Ne8 19.R6d2 b5 20.Ne1 Nf8 21.Nd3 f6 22.Nc5 Ne6
23.Nxe6+ Bxe6 24.Bg4 Kf7 25.Bxe6+ Kxe6 26.f3 Ra7 27.Ne2 a5 28.Nc1 axb4 29.axb4 Ra1
30.Nb3 Rxd1+ 31.Rxd1 Ke7 32.Nc5 Rd8 33.Ra1 Rc8 34.Ra7+ Nc7 35.Na6 Kd6 36.Nxc7 Rxc7
37.Rxc7 Kxc7 38.Kf2 Kd6 39.h4 c5 40.c3 cxb4 41.cxb4 Ke6 42.g4  1/2-1/2

[Event "14th Open"]
[Site "Abu Dhabi UAE"]
[Date "2004.08.17"]
[Round "4"]
[White "Kobalia,M"]
[Black "Dzhumaev,M"]
[Result "1-0"]
[WhiteElo "2618"]
[BlackElo "2520"]

1.e4 g6 2.d4 Bg7 3.Nc3 d6 4.Be3 Nd7 5.Qd2 a6 6.Nf3 b5 7.a4 b4 8.Ne2 Ngf6
9.Ng3 O-O 10.Bh6 Bxh6 11.Qxh6 e5 12.dxe5 Nxe5 13.Be2 Nxf3+ 14.gxf3 b3 15.c3 Re8
16.h4 d5 17.O-O-O Qd7 18.Qg5 Re6 19.exd5 Rxe2 20.Nxe2 Qxa4 21.Qxf6 Qa1+ 22.Kd2 Qxb2+
23.Ke3 Bd7 24.Ng3 Re8+ 25.Kf4 Qc2 26.h5 Qxf2 27.Ne4 Rxe4+ 28.Kxe4 Bf5+ 29.Kf4 Qc5
30.Qd8+ Qf8 31.Qxf8+ Kxf8 32.Rb1 Bc2 33.Rb2  1-0

[Event "ch-ESP Abierto"]
[Site "Seville ESP"]
[Date "2004.08.18"]
[Round "6"]
[White "Hernandez,Yu"]
[Black "Roa Alonso,S"]
[Result "1/2-1/2"]
[WhiteElo "2214"]
[BlackElo "2357"]

1.e4 g6 2.d4 Bg7 3.Nc3 d6 4.g3 Nf6 5.Bg2 O-O 6.Nge2 e5 7.h3 c6 8.Be3 b5 9.dxe5 dxe5
10.Qxd8 Rxd8 11.a4 b4 12.Na2 a5 13.Nac1 Be6 14.Nd3 Nbd7 15.Nec1 Rdc8 16.Nb3 Bf8
17.Nbc5 Bc4 18.Nxd7 Nxd7 19.Bf1 Bxd3 20.Bxd3 Bc5 21.Bd2 Be7  1/2-1/2

[Event "I Fincas Mediterranea"]
[Site "Castelldefels ESP"]
[Date "2004.08.19"]
[Round "2"]
[White "Gallego Bergada,A"]
[Black "Gonzalez Rodriguez,JA"]
[Result "0-1"]
[WhiteElo "2000"]
[BlackElo "2348"]

1.e4 g6 2.d4 Bg7 3.Nc3 d6 4.f4 c6 5.Nf3 Bg4 6.Be2 Nd7 7.O-O Bxf3 8.Bxf3 Qb6
9.Ne2 e5 10.fxe5 dxe5 11.c3 Ngf6 12.Kh1 O-O 13.a4 a5 14.Be3 Rfe8 15.Qd2 exd4
16.Nxd4 Qc7 17.Qc2 Ne5 18.h3 Nxf3 19.gxf3 Nh5 20.Rg1 f5 21.exf5 Rxe3 22.fxg6 Ng3+
23.Kg2 Bxd4 24.gxh7+ Kh8  0-1